[Event "416 Stay Safe Play From Home series"]
[Site "Emanuel Lasker Arena"]
[Date "2020.08.27"]
[Round "4"]
[White "Fingerfehler1"]
[Black "Bytheway09"]
[Result "1-0"]
[WhiteElo "1615"]
[BlackElo "1781"]
[Annotator "NA"]
[PlyCount "51"]
[EventDate "2020.08.27"]
[EventType "swiss (blitz)"]
[WhiteTeam "SC Schwarz-Weiß Zell I"]

{Gißler, Thomas (1699)} 1. e4 {[%emt 0:00:03]} e5 {[%emt 0:00:05]} 2. Nf3 {[%emt 0:00:01]} Nf6 {[%emt 0:00:05]} 3. Nc3 {[%emt 0:00:04]} Bb4 {[%emt 0:00:01]} 4. Bc4 {[%emt 0:00:07]} O-O {[%emt 0:00:02]} 5. O-O {[%emt 0:00:02]} d6 {[%emt 0:00:01]} 6. h3 {[%emt 0:00:02]} Bxc3 {[%emt 0:00:02]} 7. bxc3 {[%emt 0:00:05]} Nxe4 {[%emt 0:00:00]} 8. Re1 {[%emt 0:00:13]} Nf6 {[%emt 0:00:03]} 9. d4 {[%emt 0:00:06]} exd4 {[%emt 0:00:03]} 10. cxd4 {[%emt 0:00:01]} Bf5 {[%emt 0:00:04]} 11. Nh4 {[%emt 0:00:08]} Be4 {[%emt 0:00:06]} 12. Bg5 {[%emt 0:00:19]} h6 {[%emt 0:00:07]} 13. Bxf6 {[%emt 0:00:03]} Qxf6 {[%emt 0:00:00]} 14. Rxe4 {[%emt 0:00:02]} c6 {[%emt 0:00:04]} 15. Be2 {[%emt 0:00:23]} d5 {[%emt 0:00:05]} 16. Rg4 {[%emt 0:00:25]} h5 {[%emt 0:00:03]} 17. Rg3 {[%emt 0:00:06]} Qxh4 {[%emt 0:00:02]} 18. Bxh5 {[%emt 0:00:02]} Nd7 {[%emt 0:00:03]} 19. Qf3 {[%emt 0:00:09]} Nf6 {[%emt 0:00:05]} 20. Re1 {[%emt 0:00:11]} Qxh5 {[%emt 0:00:02]} 21. Qxf6 {[%emt 0:00:03]} Qh7 {[%emt 0:00:05]} 22. Re5 {[%emt 0:00:07]} Rae8 {[%emt 0:00:03]} 23. Reg5 {[%emt 0:00:03]} g6 {[%emt 0:00:05]} 24. Rxg6+ {[%emt 0:00:07]} fxg6 {[%emt 0:00:14]} 25. Rxg6+ {[%emt 0:00:00]} Qg7 {[%emt 0:00:02]} 26. Qxg7# {[%emt 0:00:01] (Lag: Av=0.83s, max=2.2s) (Lag: Av=0.83s, max=2.2s) (Lag: Av=0.83s, max=2.2s)} 1-0

[Event "416 Stay Safe Play From Home series"]
[Site "Emanuel Lasker Arena"]
[Date "2020.08.27"]
[Round "4"]
[White "Mischu64"]
[Black "Peondormido"]
[Result "1-0"]
[WhiteElo "1610"]
[BlackElo "1508"]
[Annotator "NA"]
[PlyCount "73"]
[EventDate "2020.08.27"]
[EventType "swiss (blitz)"]

1. d4 {[%emt 0:00:02]} d5 {[%emt 0:00:02]} 2. e4 {[%emt 0:00:01]} c6 {[%emt 0:00:02]} 3. Nc3 {[%emt 0:00:01]} dxe4 {[%emt 0:00:02]} 4. f3 {[%emt 0:00:01]} Nf6 {[%emt 0:00:00]} 5. Be3 {[%emt 0:00:02]} exf3 {[%emt 0:00:02]} 6. Nxf3 {[%emt 0:00:01]} Bf5 {[%emt 0:00:01]} 7. Bc4 {[%emt 0:00:03]} e6 {[%emt 0:00:01]} 8. O-O {[%emt 0:00:02]} Bd6 {[%emt 0:00:01]} 9. h3 {[%emt 0:00:02]} Nbd7 {[%emt 0:00:03]} 10. a3 {[%emt 0:00:06]} Qc7 {[%emt 0:00:01]} 11. b4 {[%emt 0:00:08]} h6 {[%emt 0:00:03]} 12. b5 {[%emt 0:00:02]} g5 {[%emt 0:00:06]} 13. bxc6 {[%emt 0:00:03]} bxc6 {[%emt 0:00:02]} 14. g4 {[%emt 0:00:35]} Bg6 {[%emt 0:00:04]} 15. Bd3 {[%emt 0:00:04]} Bf4 {[%emt 0:00:20]} 16. Bf2 {[%emt 0:00:11]} Bg3 {[%emt 0:00:02]} 17. Bxg6 {[%emt 0:00:04]} Bxf2+ {[%emt 0:00:01]} 18. Rxf2 {[%emt 0:00:04]} fxg6 {[%emt 0:00:01]} 19. Qf1 {[%emt 0:00:09]} O-O {[%emt 0:00:03]} 20. Qg2 {[%emt 0:00:02]} Nd5 {[%emt 0:00:06]} 21. Nxd5 {[%emt 0:00:03]} exd5 {[%emt 0:00:05]} 22. Re1 {[%emt 0:00:01]} Rae8 {[%emt 0:00:42]} 23. Rfe2 {[%emt 0:00:17]} Rxe2 {[%emt 0:00:07]} 24. Rxe2 {[%emt 0:00:00]} Qf4 {[%emt 0:00:02]} 25. Rf2 {[%emt 0:00:10]} Nf6 {[%emt 0:00:06]} 26. Ne5 {[%emt 0:00:07]} Qxd4 {[%emt 0:00:06]} 27. Nxg6 {[%emt 0:00:03]} Kg7 {[%emt 0:00:01]} 28. Ne7 {[%emt 0:00:02]} Qd1+ {[%emt 0:00:21]} 29. Rf1 {[%emt 0:00:01]} Qd4+ {[%emt 0:00:03]} 30. Kh1 {[%emt 0:00:02]} Qe4 {[%emt 0:00:17]} 31. Nf5+ {[%emt 0:00:04]} Kg6 {[%emt 0:00:02]} 32. Ng3 {[%emt 0:00:11] . . .} Qd4 {[%emt 0:00:01]} 33. Rf5 {[%emt 0:00:03]} Qd1+ {[%emt 0:00:01]} 34. Kh2 {[%emt 0:00:01]} Re8 {[%emt 0:00:01]} 35. h4 {[%emt 0:00:02]} Nxg4+ {[%emt 0:00:02]} 36. Kh3 {[%emt 0:00:04]} Nf6 {[%emt 0:00:01]} 37. h5+ {[%emt 0:00:00] Tiempo Tiempo Tiempo (Lag: Av=0.42s, max=1.0s) (Lag: Av=0.42s, max=1.0s) (Lag: Av=0.42s, max=1.0s)} 1-0

[Event "416 Stay Safe Play From Home series"]
[Site "Emanuel Lasker Arena"]
[Date "2020.08.27"]
[Round "5"]
[White "Ionelluca"]
[Black "Schachwerk_64"]
[Result "1/2-1/2"]
[WhiteElo "2061"]
[BlackElo "1877"]
[Annotator "NA"]
[PlyCount "101"]
[EventDate "2020.08.27"]
[EventType "swiss (blitz)"]

1. c4 {[%emt 0:00:02]} e5 {[%emt 0:00:03]} 2. Nc3 {[%emt 0:00:02]} Nf6 {[%emt 0:00:01]} 3. g3 {[%emt 0:00:01]} d5 {[%emt 0:00:01]} 4. cxd5 {[%emt 0:00:01]} Nxd5 {[%emt 0:00:00]} 5. Bg2 {[%emt 0:00:01]} Nb6 {[%emt 0:00:01]} 6. d3 {[%emt 0:00:01]} Nc6 {[%emt 0:00:01]} 7. Be3 {[%emt 0:00:01]} Be7 {[%emt 0:00:01]} 8. Rc1 {[%emt 0:00:01]} O-O {[%emt 0:00:01]} 9. h3 {[%emt 0:00:14]} Be6 {[%emt 0:00:02]} 10. b3 {[%emt 0:00:01]} f6 {[%emt 0:00:02]} 11. Nf3 {[%emt 0:00:04]} Qd7 {[%emt 0:00:05]} 12. Ne4 {[%emt 0:00:01]} Nd4 {[%emt 0:00:09]} 13. Nc5 {[%emt 0:00:15]} Bxc5 {[%emt 0:00:02]} 14. Rxc5 {[%emt 0:00:01]} c6 {[%emt 0:00:08]} 15. Nxd4 {[%emt 0:00:06]} exd4 {[%emt 0:00:02]} 16. Bf4 {[%emt 0:00:03]} Rfe8 {[%emt 0:00:06]} 17. h4 {[%emt 0:00:18]} Nd5 {[%emt 0:00:05]} 18. Bd2 {[%emt 0:00:03]} b6 {[%emt 0:00:14]} 19. Rc4 {[%emt 0:00:02]} c5 {[%emt 0:00:11]} 20. O-O {[%emt 0:00:08]} Rad8 {[%emt 0:00:14]} 21. Ra4 {[%emt 0:00:05]} a5 {[%emt 0:00:03]} 22. Rc4 {[%emt 0:00:16]} Nc3 {[%emt 0:00:03]} 23. Rxc3 {[%emt 0:00:05]} dxc3 {[%emt 0:00:01]} 24. Bxc3 {[%emt 0:00:01]} Bd5 {[%emt 0:00:01]} 25. Bxd5+ {[%emt 0:00:05]} Qxd5 {[%emt 0:00:02]} 26. Re1 {[%emt 0:00:01]} Re6 {[%emt 0:00:04]} 27. Bd2 {[%emt 0:00:04]} Rde8 {[%emt 0:00:02]} 28. Bf4 {[%emt 0:00:19]} Qd4 {[%emt 0:00:18]} 29. Qc2 {[%emt 0:00:05]} Rd8 {[%emt 0:00:14]} 30. Rc1 {[%emt 0:00:03]} Qd7 {[%emt 0:00:06]} 31. Qc4 {[%emt 0:00:01]} Qe7 {[%emt 0:00:03]} 32. Be3 {[%emt 0:00:03]} Kf8 {[%emt 0:00:16]} 33. Rc2 {[%emt 0:00:01]} Rxe3 {[%emt 0:00:04]} 34. fxe3 {[%emt 0:00:01]} Qxe3+ {[%emt 0:00:00]} 35. Kg2 {[%emt 0:00:01]} Rd4 {[%emt 0:00:05]} 36. Qa6 {[%emt 0:00:04]} Qe6 {[%emt 0:00:01]} 37. Qa8+ {[%emt 0:00:02]} Kf7 {[%emt 0:00:01]} 38. Qf3 {[%emt 0:00:03]} Rd7 {[%emt 0:00:02]} 39. Rc4 {[%emt 0:00:01]} Re7 {[%emt 0:00:01]} 40. Re4 {[%emt 0:00:01]} Qd6 {[%emt 0:00:01]} 41. Qh5+ {[%emt 0:00:01]} Kf8 {[%emt 0:00:01]} 42. Qg4 {[%emt 0:00:03]} Rxe4 {[%emt 0:00:01]} 43. Qxe4 {[%emt 0:00:01]} Qe7 {[%emt 0:00:00]} 44. Qxh7 {[%emt 0:00:01]} Qxe2+ {[%emt 0:00:02]} 45. Kh3 {[%emt 0:00:01]} Qf1+ {[%emt 0:00:00]} 46. Kh2 {[%emt 0:00:01]} Qe2+ {[%emt 0:00:01]} 47. Kg1 {[%emt 0:00:01]} Qe1+ {[%emt 0:00:01]} 48. Kg2 {[%emt 0:00:01]} Qe2+ {[%emt 0:00:00]} 49. Kh3 {[%emt 0:00:01]} Qf1+ {[%emt 0:00:00]} 50. Kg4 {[%emt 0:00:01]} Qe2+ {[%emt 0:00:00]} 51. Kh3 {[%emt 0:00:01] (Lag: Av=0.57s, max=1.1s) (Lag: Av=0.57s, max=1.1s) (Lag: Av=0.57s, max=1.1s)} 1/2-1/2

[Event "416 Stay Safe Play From Home series"]
[Site "Emanuel Lasker Arena"]
[Date "2020.08.27"]
[Round "5"]
[White "Lazieri3"]
[Black "Hickey"]
[Result "1-0"]
[WhiteElo "2006"]
[BlackElo "2108"]
[PlyCount "55"]
[EventDate "2020.08.27"]
[EventType "swiss (blitz)"]

1. e4 {[%emt 0:00:03]} c6 {[%emt 0:00:00]} 2. Nc3 {[%emt 0:00:02]} d5 {[%emt 0:00:00]} 3. d4 {[%emt 0:00:00]} dxe4 {[%emt 0:00:01]} 4. Nxe4 {[%emt 0:00:00]} Nf6 {[%emt 0:00:00]} 5. Nxf6+ {[%emt 0:00:01]} exf6 {[%emt 0:00:00]} 6. Nf3 {[%emt 0:00:00]} Bd6 {[%emt 0:00:00]} 7. Be3 {[%emt 0:00:01]} O-O {[%emt 0:00:00]} 8. Bd3 {[%emt 0:00:00]} Bg4 {[%emt 0:00:05]} 9. c3 {[%emt 0:00:01]} Re8 {[%emt 0:00:02]} 10. Qc2 {[%emt 0:00:02]} h6 {[%emt 0:00:03]} 11. O-O-O {[%emt 0:00:02]} Nd7 {[%emt 0:00:04]} 12. Rde1 {[%emt 0:00:08]} Qc7 {[%emt 0:00:12]} 13. h3 {[%emt 0:00:02]} Bxf3 {[%emt 0:00:05]} 14. gxf3 {[%emt 0:00:00]} Bf8 {[%emt 0:00:04]} 15. Rhg1 {[%emt 0:00:03]} Kh8 {[%emt 0:00:01]} 16. Qd2 {[%emt 0:00:09]} Nb6 {[%emt 0:00:02]} 17. b3 {[%emt 0:00:03]} Nd5 {[%emt 0:00:02]} 18. Bc2 {[%emt 0:00:20]} Nxe3 {[%emt 0:00:10]} 19. fxe3 {[%emt 0:00:02]} g6 {[%emt 0:00:01]} 20. Rg2 {[%emt 0:00:07]} f5 {[%emt 0:00:01]} 21. Reg1 {[%emt 0:00:02]} a5 {[%emt 0:00:09]} 22. Bxf5 {[%emt 0:00:15]} Ba3+ {[%emt 0:00:02]} 23. Kb1 {[%emt 0:00:06]} gxf5 {[%emt 0:00:00]} 24. e4 {[%emt 0:00:02]} f4 {[%emt 0:00:07]} 25. e5 {[%emt 0:00:06]} Rg8 {[%emt 0:00:02]} 26. Qxf4 {[%emt 0:00:01]} f5 {[%emt 0:00:18]} 27. Qxh6+ {[%emt 0:00:07]} Qh7 {[%emt 0:00:02]} 28. Qf6+ {[%emt 0:00:08] Hickey resigns Hickey resigns Hickey resigns (Lag: Av=0.80s, max=1.2s) (Lag: Av=0.80s, max=1.2s) (Lag: Av=0.80s, max=1.2s)} 1-0

[Event "416 Stay Safe Play From Home series"]
[Site "Emanuel Lasker Arena"]
[Date "2020.08.27"]
[Round "6"]
[White "Nguyen Hong Anh"]
[Black "GMONIK"]
[Result "1-0"]
[WhiteElo "2249"]
[BlackElo "1674"]
[PlyCount "95"]
[EventDate "2020.08.27"]
[EventType "swiss (blitz)"]

1. d4 {[%emt 0:00:02]} d5 {[%emt 0:00:01]} 2. c4 {[%emt 0:00:05]} c6 {[%emt 0:00:02]} 3. Nf3 {[%emt 0:00:01]} Nf6 {[%emt 0:00:01]} 4. Qc2 {[%emt 0:00:01]} e6 {[%emt 0:00:02]} 5. g3 {[%emt 0:00:01]} Bb4+ {[%emt 0:00:02]} 6. Bd2 {[%emt 0:00:01]} Bxd2+ {[%emt 0:00:02]} 7. Nbxd2 {[%emt 0:00:00]} O-O {[%emt 0:00:00]} 8. Bg2 {[%emt 0:00:01]} Qe7 {[%emt 0:00:01]} 9. O-O {[%emt 0:00:01]} Nbd7 {[%emt 0:00:03]} 10. e4 {[%emt 0:00:01]} dxe4 {[%emt 0:00:01]} 11. Nxe4 {[%emt 0:00:01]} Nxe4 {[%emt 0:00:00]} 12. Qxe4 {[%emt 0:00:01]} Nf6 {[%emt 0:00:00]} 13. Qe2 {[%emt 0:00:00]} Rd8 {[%emt 0:00:01]} 14. Rfd1 {[%emt 0:00:02]} b6 {[%emt 0:00:02]} 15. Ne5 {[%emt 0:00:02]} Bb7 {[%emt 0:00:03]} 16. Bxc6 {[%emt 0:00:03]} Rab8 {[%emt 0:00:07]} 17. Qf3 {[%emt 0:00:04]} Ba8 {[%emt 0:00:03]} 18. Bxa8 {[%emt 0:00:03]} Rxa8 {[%emt 0:00:01]} 19. Nc6 {[%emt 0:00:01]} Qb7 {[%emt 0:00:01]} 20. Kg2 {[%emt 0:00:02]} Rdc8 {[%emt 0:00:03]} 21. Ne5 {[%emt 0:00:02]} Qxf3+ {[%emt 0:00:02]} 22. Kxf3 {[%emt 0:00:03]} Ne8 {[%emt 0:00:03]} 23. Rac1 {[%emt 0:00:02]} f6 {[%emt 0:00:01]} 24. Nd3 {[%emt 0:00:01]} Nd6 {[%emt 0:00:01]} 25. c5 {[%emt 0:00:02]} bxc5 {[%emt 0:00:02]} 26. dxc5 {[%emt 0:00:01]} Nf5 {[%emt 0:00:01]} 27. Nf4 {[%emt 0:00:02]} e5 {[%emt 0:00:03]} 28. Nd5 {[%emt 0:00:01]} Nd4+ {[%emt 0:00:01]} 29. Kg2 {[%emt 0:00:01]} Kf7 {[%emt 0:00:01]} 30. b4 {[%emt 0:00:04]} a6 {[%emt 0:00:03]} 31. Nb6 {[%emt 0:00:03]} Rab8 {[%emt 0:00:00]} 32. Nxc8 {[%emt 0:00:01]} Rxc8 {[%emt 0:00:00]} 33. Rc4 {[%emt 0:00:03]} Ke6 {[%emt 0:00:01]} 34. Rcxd4 {[%emt 0:00:01]} exd4 {[%emt 0:00:01]} 35. Rxd4 {[%emt 0:00:01]} a5 {[%emt 0:00:01]} 36. a3 {[%emt 0:00:02]} axb4 {[%emt 0:00:01]} 37. axb4 {[%emt 0:00:01]} Rb8 {[%emt 0:00:02]} 38. f4 {[%emt 0:00:03]} f5 {[%emt 0:00:05]} 39. Kf3 {[%emt 0:00:01]} g6 {[%emt 0:00:01]} 40. h3 {[%emt 0:00:02]} h5 {[%emt 0:00:02]} 41. g4 {[%emt 0:00:01]} hxg4+ {[%emt 0:00:01]} 42. hxg4 {[%emt 0:00:01]} Ra8 {[%emt 0:00:02]} 43. gxf5+ {[%emt 0:00:02]} gxf5 {[%emt 0:00:01]} 44. Rd6+ {[%emt 0:00:01]} Ke7 {[%emt 0:00:01]} 45. Ke3 {[%emt 0:00:01]} Ra3+ {[%emt 0:00:01]} 46. Kd4 {[%emt 0:00:01]} Rf3 {[%emt 0:00:01]} 47. Ke5 {[%emt 0:00:01]} Rb3 {[%emt 0:00:03]} 48. Rb6 {[%emt 0:00:01] GMONIK abbandona GMONIK abbandona GMONIK abbandona (Lag: Av=0.92s, max=1.8s) (Lag: Av=0.92s, max=1.8s) (Lag: Av=0.92s, max=1.8s)} 1-0

[Event "416 Stay Safe Play From Home series"]
[Site "Emanuel Lasker Arena"]
[Date "2020.08.27"]
[Round "6"]
[White "Fingerfehler1"]
[Black "Ionelluca"]
[Result "0-1"]
[WhiteElo "1639"]
[BlackElo "2052"]
[PlyCount "44"]
[EventDate "2020.08.27"]
[EventType "swiss (blitz)"]
[WhiteTeam "SC Schwarz-Weiß Zell I"]

{Gißler, Thomas (1699)} 1. e4 {[%emt 0:00:02]} d6 {[%emt 0:00:01]} 2. d4 {[%emt 0:00:02]} Nf6 {[%emt 0:00:01]} 3. Nc3 {[%emt 0:00:04]} c6 {[%emt 0:00:01]} 4. f4 {[%emt 0:00:02]} Qa5 {[%emt 0:00:02]} 5. Nf3 {[%emt 0:00:02]} Nxe4 {[%emt 0:00:06]} 6. Bd2 {[%emt 0:00:19]} Nxd2 {[%emt 0:00:01]} 7. Qxd2 {[%emt 0:00:01]} e6 {[%emt 0:00:01]} 8. Bd3 {[%emt 0:00:02]} h6 {[%emt 0:00:04]} 9. a3 {[%emt 0:00:06]} Qb6 {[%emt 0:00:04]} 10. O-O-O {[%emt 0:00:14]} Nd7 {[%emt 0:00:01]} 11. f5 {[%emt 0:00:08]} Nf6 {[%emt 0:00:01]} 12. fxe6 {[%emt 0:00:01]} Bxe6 {[%emt 0:00:01]} 13. Rhe1 {[%emt 0:00:06]} O-O-O {[%emt 0:00:01]} 14. h3 {[%emt 0:00:08]} Kb8 {[%emt 0:00:02]} 15. g4 {[%emt 0:00:03]} g5 {[%emt 0:00:01]} 16. Re2 {[%emt 0:00:08]} Bg7 {[%emt 0:00:01]} 17. Rde1 {[%emt 0:00:07]} Nd5 {[%emt 0:00:01]} 18. Ne4 {[%emt 0:00:25]} Nf4 {[%emt 0:00:05]} 19. Re3 {[%emt 0:00:19]} c5 {[%emt 0:00:04]} 20. Nexg5 {[%emt 0:00:14]} hxg5 {[%emt 0:00:06]} 21. Nxg5 {[%emt 0:00:01]} Bxd4 {[%emt 0:00:06]} 22. Re4 {[%emt 0:00:07]} Qxb2+ {[%emt 0:00:01] Fingerfehler1 gibt auf Fingerfehler1 gibt auf Fingerfehler1 gibt auf (Lag: Av=0.71s, max=1.0s) (Lag: Av=0.71s, max=1.0s) (Lag: Av=0.71s, max=1.0s)} 0-1

[Event "416 Stay Safe Play From Home series"]
[Site "Emanuel Lasker Arena"]
[Date "2020.08.27"]
[Round "6"]
[White "Peondormido"]
[Black "Schachwerk_64"]
[Result "0-1"]
[WhiteElo "1496"]
[BlackElo "1885"]
[Annotator "NA"]
[PlyCount "34"]
[EventDate "2020.08.27"]
[EventType "swiss (blitz)"]

1. e4 {[%emt 0:00:01]} d5 {[%emt 0:00:01]} 2. exd5 {[%emt 0:00:01]} Qxd5 {[%emt 0:00:00]} 3. Nc3 {[%emt 0:00:00]} Qa5 {[%emt 0:00:01]} 4. Nf3 {[%emt 0:00:01]} Nf6 {[%emt 0:00:03]} 5. d4 {[%emt 0:00:01]} Nc6 {[%emt 0:00:04]} 6. Bd2 {[%emt 0:00:01]} Qh5 {[%emt 0:00:16]} 7. Be2 {[%emt 0:00:02]} Bg4 {[%emt 0:00:06]} 8. h3 {[%emt 0:00:04]} O-O-O {[%emt 0:00:20]} 9. O-O {[%emt 0:00:03]} e5 {[%emt 0:00:03]} 10. Nxe5 {[%emt 0:00:04]} Nxe5 {[%emt 0:00:04]} 11. Bxg4+ {[%emt 0:00:01]} Nexg4 {[%emt 0:00:02]} 12. Qf3 {[%emt 0:00:04]} Nh6 {[%emt 0:00:23]} 13. Be3 {[%emt 0:00:07]} Qxf3 {[%emt 0:00:02]} 14. gxf3 {[%emt 0:00:02]} a6 {[%emt 0:00:05]} 15. Rad1 {[%emt 0:00:02]} Bd6 {[%emt 0:00:01]} 16. Bg5 {[%emt 0:00:07]} Rde8 {[%emt 0:00:04]} 17. Rfe1 {[%emt 0:00:02]} Nf5 {[%emt 0:00:11] Peondormido rinde Peondormido rinde Peondormido rinde (Lag: Av=0.48s, max=0.8s) (Lag: Av=0.48s, max=0.8s) (Lag: Av=0.48s, max=0.8s)} 0-1

[Event "416 Stay Safe Play From Home series"]
[Site "Emanuel Lasker Arena"]
[Date "2020.08.27"]
[Round "7"]
[White "Schachwerk_64"]
[Black "Mepe_Nika"]
[Result "0-1"]
[WhiteElo "1889"]
[BlackElo "2303"]
[Annotator "NA"]
[PlyCount "36"]
[EventDate "2020.08.27"]
[EventType "swiss (blitz)"]

1. e4 {[%emt 0:00:02]} c6 {[%emt 0:00:02]} 2. d4 {[%emt 0:00:01]} d5 {[%emt 0:00:00]} 3. Nd2 {[%emt 0:00:01]} dxe4 {[%emt 0:00:01]} 4. Nxe4 {[%emt 0:00:01]} Nf6 {[%emt 0:00:01]} 5. Nxf6+ {[%emt 0:00:01]} exf6 {[%emt 0:00:00]} 6. c3 {[%emt 0:00:03]} Bd6 {[%emt 0:00:01]} 7. Nf3 {[%emt 0:00:06]} O-O {[%emt 0:00:01]} 8. Bd3 {[%emt 0:00:01]} Re8+ {[%emt 0:00:01]} 9. Be3 {[%emt 0:00:01]} Bg4 {[%emt 0:00:05]} 10. Qc2 {[%emt 0:00:04]} Bf4 {[%emt 0:00:11]} 11. O-O {[%emt 0:00:10]} Bxe3 {[%emt 0:00:27]} 12. fxe3 {[%emt 0:00:03]} Rxe3 {[%emt 0:00:01]} 13. Be4 {[%emt 0:00:01]} Qe7 {[%emt 0:00:15]} 14. Nd2 {[%emt 0:00:29]} Nd7 {[%emt 0:00:43]} 15. h3 {[%emt 0:00:06]} Bh5 {[%emt 0:00:05]} 16. g4 {[%emt 0:00:02]} Bg6 {[%emt 0:00:01]} 17. Kf2 {[%emt 0:00:30]} Bxe4 {[%emt 0:00:07]} 18. Nxe4 {[%emt 0:00:03]} Qxe4 {[%emt 0:00:01] Schachwerk_64 gibt auf Schachwerk_64 gibt auf Schachwerk_64 gibt auf (Lag: Av=0.43s, max=0.6s) (Lag: Av=0.43s, max=0.6s) (Lag: Av=0.43s, max=0.6s)} 0-1

[Event "416 Stay Safe Play From Home series"]
[Site "Emanuel Lasker Arena"]
[Date "2020.08.27"]
[Round "7"]
[White "GMONIK"]
[Black "Ionelluca"]
[Result "1-0"]
[WhiteElo "1673"]
[BlackElo "2055"]
[PlyCount "75"]
[EventDate "2020.08.27"]
[EventType "swiss (blitz)"]

1. e4 {[%emt 0:00:01]} d6 {[%emt 0:00:01]} 2. d4 {[%emt 0:00:01]} Nf6 {[%emt 0:00:01]} 3. Nc3 {[%emt 0:00:00]} c6 {[%emt 0:00:01]} 4. a4 {[%emt 0:00:02]} Nbd7 {[%emt 0:00:02]} 5. Nf3 {[%emt 0:00:01]} e5 {[%emt 0:00:01]} 6. dxe5 {[%emt 0:00:01]} dxe5 {[%emt 0:00:01]} 7. Bg5 {[%emt 0:00:02]} Be7 {[%emt 0:00:01]} 8. Bc4 {[%emt 0:00:01]} O-O {[%emt 0:00:01]} 9. Qe2 {[%emt 0:00:00]} Qc7 {[%emt 0:00:01]} 10. O-O {[%emt 0:00:01]} Nc5 {[%emt 0:00:05]} 11. b3 {[%emt 0:00:09]} Bg4 {[%emt 0:00:01]} 12. Rfe1 {[%emt 0:00:05]} Nh5 {[%emt 0:00:16]} 13. Bxe7 {[%emt 0:00:03]} Qxe7 {[%emt 0:00:02]} 14. h3 {[%emt 0:00:00]} Nf4 {[%emt 0:00:02]} 15. Qe3 {[%emt 0:00:04]} Bh5 {[%emt 0:00:11]} 16. Ne2 {[%emt 0:00:10]} Nxe2+ {[%emt 0:00:04]} 17. Rxe2 {[%emt 0:00:02]} Rad8 {[%emt 0:00:05]} 18. Bd3 {[%emt 0:00:15]} Ne6 {[%emt 0:00:09]} 19. g4 {[%emt 0:00:02]} Bg6 {[%emt 0:00:01]} 20. h4 {[%emt 0:00:09]} Nf4 {[%emt 0:00:02]} 21. Rd2 {[%emt 0:00:04]} h5 {[%emt 0:00:10]} 22. g5 {[%emt 0:00:03]} f6 {[%emt 0:00:02]} 23. gxf6 {[%emt 0:00:05]} Qxf6 {[%emt 0:00:02]} 24. Ng5 {[%emt 0:00:01]} Kh8 {[%emt 0:00:07]} 25. Rf1 {[%emt 0:00:07]} Rd4 {[%emt 0:00:01]} 26. c3 {[%emt 0:00:06]} Rd6 {[%emt 0:00:05]} 27. Rfd1 {[%emt 0:00:08]} Rfd8 {[%emt 0:00:10]} 28. Bf1 {[%emt 0:00:03]} Qf8 {[%emt 0:00:09]} 29. Rxd6 {[%emt 0:00:01]} Rxd6 {[%emt 0:00:01]} 30. Rxd6 {[%emt 0:00:01]} Qxd6 {[%emt 0:00:01]} 31. Be2 {[%emt 0:00:09]} Nxe2+ {[%emt 0:00:05]} 32. Qxe2 {[%emt 0:00:01]} Qa3 {[%emt 0:00:04]} 33. Qc2 {[%emt 0:00:05]} Qa1+ {[%emt 0:00:03]} 34. Kg2 {[%emt 0:00:02]} Qe1 {[%emt 0:00:03]} 35. b4 {[%emt 0:00:07]} b6 {[%emt 0:00:15]} 36. Qd3 {[%emt 0:00:11]} Be8 {[%emt 0:00:03]} 37. Qd8 {[%emt 0:00:04]} Qe2 {[%emt 0:00:09]} 38. Qxe8# {[%emt 0:00:03] (Lag: Av=0.42s, max=0.8s) (Lag: Av=0.42s, max=0.8s) (Lag: Av=0.42s, max=0.8s)} 1-0

[Event "416 Stay Safe Play From Home series"]
[Site "Emanuel Lasker Arena"]
[Date "2020.08.27"]
[Round "7"]
[White "Shakh"]
[Black "Lazieri3"]
[Result "0-1"]
[WhiteElo "1665"]
[BlackElo "2028"]
[PlyCount "86"]
[EventDate "2020.08.27"]
[EventType "swiss (blitz)"]

1. d4 {[%emt 0:00:04]} c6 {[%emt 0:00:00]} 2. c4 {[%emt 0:00:01]} d5 {[%emt 0:00:00]} 3. Nc3 {[%emt 0:00:02]} Nf6 {[%emt 0:00:02]} 4. Nf3 {[%emt 0:00:01]} Bf5 {[%emt 0:00:01]} 5. cxd5 {[%emt 0:00:02]} Nxd5 {[%emt 0:00:01]} 6. Qb3 {[%emt 0:00:02]} Nxc3 {[%emt 0:00:01]} 7. bxc3 {[%emt 0:00:01]} Qb6 {[%emt 0:00:01]} 8. Bf4 {[%emt 0:00:01]} Qxb3 {[%emt 0:00:01]} 9. axb3 {[%emt 0:00:01]} Nd7 {[%emt 0:00:00]} 10. c4 {[%emt 0:00:03]} e6 {[%emt 0:00:01]} 11. e3 {[%emt 0:00:01]} Be7 {[%emt 0:00:01]} 12. Be2 {[%emt 0:00:02]} Bb4+ {[%emt 0:00:01]} 13. Nd2 {[%emt 0:00:02]} Nf6 {[%emt 0:00:03]} 14. f3 {[%emt 0:00:10]} h6 {[%emt 0:00:03]} 15. e4 {[%emt 0:00:01]} Bh7 {[%emt 0:00:08]} 16. Ra2 {[%emt 0:00:05]} g5 {[%emt 0:00:02]} 17. Be3 {[%emt 0:00:02]} O-O {[%emt 0:00:04]} 18. Kf2 {[%emt 0:00:03]} a6 {[%emt 0:00:07]} 19. Ra4 {[%emt 0:00:16]} Be7 {[%emt 0:00:08]} 20. e5 {[%emt 0:00:07]} Nd7 {[%emt 0:00:05]} 21. c5 {[%emt 0:00:06]} f6 {[%emt 0:00:04]} 22. exf6 {[%emt 0:00:09]} Nxf6 {[%emt 0:00:00]} 23. Bc4 {[%emt 0:00:06]} Nd5 {[%emt 0:00:01]} 24. Bxd5 {[%emt 0:00:09]} exd5 {[%emt 0:00:00]} 25. b4 {[%emt 0:00:06]} Bf6 {[%emt 0:00:08]} 26. Nf1 {[%emt 0:00:02]} Rae8 {[%emt 0:00:04]} 27. Ng3 {[%emt 0:00:02]} Re7 {[%emt 0:00:03]} 28. Re1 {[%emt 0:00:19]} Rfe8 {[%emt 0:00:01]} 29. Raa1 {[%emt 0:00:16]} Rxe3 {[%emt 0:00:05]} 30. Rxe3 {[%emt 0:00:03]} Bxd4 {[%emt 0:00:01]} 31. Rae1 {[%emt 0:00:03]} a5 {[%emt 0:00:06]} 32. bxa5 {[%emt 0:00:03]} Bxc5 {[%emt 0:00:01]} 33. Nf1 {[%emt 0:00:02]} Kf7 {[%emt 0:00:13]} 34. Kg3 {[%emt 0:00:01]} Bxe3 {[%emt 0:00:03]} 35. Rxe3 {[%emt 0:00:03]} Rxe3 {[%emt 0:00:04]} 36. Nxe3 {[%emt 0:00:01]} d4 {[%emt 0:00:02]} 37. Nc4 {[%emt 0:00:02]} Ke6 {[%emt 0:00:04]} 38. f4 {[%emt 0:00:08]} Kd5 {[%emt 0:00:03]} 39. Nd2 {[%emt 0:00:02]} c5 {[%emt 0:00:05]} 40. fxg5 {[%emt 0:00:02]} hxg5 {[%emt 0:00:00]} 41. Kg4 {[%emt 0:00:01]} c4 {[%emt 0:00:00]} 42. Kxg5 {[%emt 0:00:01]} c3 {[%emt 0:00:00]} 43. Nf3 {[%emt 0:00:02]} c2 {[%emt 0:00:02] TimeW TimeW TimeW} 0-1